Hľadanie hodnôt trvalo udržateľného života - súčasť prípravy ekonómov
Hodnoty trvalo udržateľného spôsobu života. Smerovanie k trvalej udržateľnosti. Environmentálna výchova ako súčasť vzdelávania ekonómov. Obsahová analýza pedagogických dokumentov. Pohľad učiteľov na zaradenie environmentálnej výchovy do procesu vzdelávania.
Saved in:
| Main Author: | |
|---|---|
| Format: | Book Chapter |
| Language: | Slovak |
| Subjects: | |
| Tags: |
No Tags, Be the first to tag this record!
|
MARC
| LEADER | 00000nla$a2200000$$$4500 | ||
|---|---|---|---|
| 001 | 0119887 | ||
| 005 | 20240502072335.0 | ||
| 041 | 0 | |a slo | |
| 044 | |a SK | ||
| 245 | 1 | 0 | |a Hľadanie hodnôt trvalo udržateľného života - súčasť prípravy ekonómov |c Soňa Kompoltová |
| 520 | |a Hodnoty trvalo udržateľného spôsobu života. Smerovanie k trvalej udržateľnosti. Environmentálna výchova ako súčasť vzdelávania ekonómov. Obsahová analýza pedagogických dokumentov. Pohľad učiteľov na zaradenie environmentálnej výchovy do procesu vzdelávania. | ||
| 610 | 2 | 0 | |a vzdelávanie |
| 610 | 2 | 0 | |a vyučovanie |
| 610 | 2 | 0 | |a výchova |
| 610 | 2 | 0 | |a ekonómia |
| 610 | 2 | 0 | |a predmety učebné |
| 610 | 2 | 0 | |a rozvoj trvalo udržateľný |
| 610 | 2 | 0 | |a environmentalistika |
| 610 | 2 | 0 | |a ochrana prostredia životného |
| 100 | 1 | |a Kompoltová, Soňa | |